<?xml version="1.0" encoding="UTF-8"?><?xml-stylesheet type="text/xsl" href="static/style.xsl"?><OAI-PMH xmlns="http://www.openarchives.org/OAI/2.0/" xmlns:xsi="http://www.w3.org/2001/XMLSchema-instance" xsi:schemaLocation="http://www.openarchives.org/OAI/2.0/ http://www.openarchives.org/OAI/2.0/OAI-PMH.xsd"><responseDate>2026-04-27T14:40:44Z</responseDate><request verb="GetRecord" identifier="oai:uvadoc.uva.es:10324/6819" metadataPrefix="marc">https://uvadoc.uva.es/oai/request</request><GetRecord><record><header><identifier>oai:uvadoc.uva.es:10324/6819</identifier><datestamp>2021-06-29T10:22:21Z</datestamp><setSpec>com_10324_38</setSpec><setSpec>col_10324_852</setSpec></header><metadata><record xmlns="http://www.loc.gov/MARC21/slim" xmlns:doc="http://www.lyncode.com/xoai" xmlns:xsi="http://www.w3.org/2001/XMLSchema-instance" xmlns:dcterms="http://purl.org/dc/terms/" xsi:schemaLocation="http://www.loc.gov/MARC21/slim http://www.loc.gov/standards/marcxml/schema/MARC21slim.xsd">
<leader>00925njm 22002777a 4500</leader>
<datafield tag="042" ind1=" " ind2=" ">
<subfield code="a">dc</subfield>
</datafield>
<datafield tag="720" ind1=" " ind2=" ">
<subfield code="a">Martín Álvaro, Patricia</subfield>
<subfield code="e">author</subfield>
</datafield>
<datafield tag="260" ind1=" " ind2=" ">
<subfield code="c">2014</subfield>
</datafield>
<datafield tag="520" ind1=" " ind2=" ">
<subfield code="a">Los Centros Penitenciarios españoles tienen la finalidad de promover la reinserción y la reeducación de los individuos, sin embargo las actividades destinadas para ello quedan en un segundo plano. Desde la educación social se debe promover una intervención que busque realmente esa finalidad.&#xd;
Este trabajo pretende hacer una reflexión acerca de los centros penitenciarios españoles. Especialmente me centraré en el Centro Penitenciario de Segovia y en el Centro de Inserción Social (CIS) “José Antón Oneca” de la misma localidad. &#xd;
Para ello se expone la importancia de las salidas terapéuticas como herramientas pedagógicas enmarcadas dentro de un programa de deshabituación de drogas que se lleva a cabo en el centro, el “Programa Loyola” y la importancia que tienen este tipo de salidas para valorar el progreso personal de cada uno, el aprendizaje y como afrontan su salida al exterior. Todo ello incluyendo un ejemplo práctico de dichas salidas el “Camino de San Frutos”.&#xd;
Por último tiene lugar planteamiento de la importancia de la Educación social en los Centros Penitenciarios y de la situación actual de la profesión y de los profesionales en éste ámbito.</subfield>
</datafield>
<datafield tag="024" ind2=" " ind1="8">
<subfield code="a">http://uvadoc.uva.es/handle/10324/6819</subfield>
</datafield>
<datafield ind1=" " ind2=" " tag="653">
<subfield code="a">Toxicomanía</subfield>
</datafield>
<datafield ind1=" " ind2=" " tag="653">
<subfield code="a">Toxicómanos-Asistencia social</subfield>
</datafield>
<datafield ind1=" " ind2=" " tag="653">
<subfield code="a">Toxicómanos-Rehabilitación</subfield>
</datafield>
<datafield ind1=" " ind2=" " tag="653">
<subfield code="a">Integración social</subfield>
</datafield>
<datafield tag="245" ind1="0" ind2="0">
<subfield code="a">Los centros penitenciarios y salidas terapéuticas</subfield>
</datafield>
</record></metadata></record></GetRecord></OAI-PMH>